মুফতী মুহাম্মদ শফী (র.) : (Record no. 36438)
[ view plain ]
| 000 -LEADER | |
|---|---|
| fixed length control field | 01525ntm a2200253 4500 |
| 001 - CONTROL NUMBER | |
| control field | 36438 |
| 003 - CONTROL NUMBER IDENTIFIER | |
| rucl marc code | BD-RjUL |
| 005 - DATE AND TIME OF LATEST TRANSACTION | |
| control field | 20211209052503.0 |
| 008 - FIXED-LENGTH DATA ELEMENTS--GENERAL INFORMATION | |
| fixed length control field | 140624s2012 bg ||||| |||| 00| 0 ben d |
| 035 ## - SYSTEM CONTROL NUMBER | |
| System control number | (BD-RjUL)36537 |
| 040 ## - CATALOGING SOURCE | |
| Original cataloging agency | BD-RjUL |
| Language of cataloging | ben |
| Transcribing agency | BD-RjUL |
| Modifying agency | BD-RjUL |
| 041 ## - LANGUAGE CODE | |
| Language code of text/sound track or separate title | ben |
| 082 ## - DEWEY DECIMAL CLASSIFICATION NUMBER | |
| Edition number | 21 |
| Classification number | 297.61092 |
| Author mark and year | BAM 2012 |
| 100 ## - MAIN ENTRY--PERSONAL NAME | |
| Personal name | বারী, মো. আ. |
| 9 (RLIN) | 111451 |
| 245 ## - TITLE STATEMENT | |
| Title | মুফতী মুহাম্মদ শফী (র.) : |
| Remainder of title | ধর্মতত্ত্বে তাঁর অবদান / |
| Statement of responsibility, etc. | মো. আ. বারী ; |
| Linkage | সুপারভাইজার : মোহাম্মদ ছবিরুল ইসলাম হাওলাদার । |
| 260 ## - PUBLICATION, DISTRIBUTION, ETC. (IMPRINT) | |
| Place of publication, distribution, etc. | রাজশাহী : |
| Name of publisher, distributor, etc. | আরবী বিভাগ, রাজশাহী বিশ্ববিদ্যালয়, |
| Date of publication, distribution, etc. | ২১১২ |
| 300 ## - PHYSICAL DESCRIPTION | |
| Pagination | viii, ৩১৫ পাতা ; |
| Size | ২৯সমি. |
| 502 ## - DISSERTATION NOTE | |
| Dissertation note | থিসিস (পিএইচ. ডি.)--আরবী বিভাগ, রাজশাহী বিশ্ববিদ্যালয়, ২১১২. |
| 504 ## - BIBLIOGRAPHY, ETC. NOTE | |
| Bibliography, etc | গ্রন্থপঞ্জি: পাতা [২৯৯]-৩১৫ |
| 600 ## - SUBJECT ADDED ENTRY--PERSONAL NAME | |
| Personal name | শফী, মুহাম্মদ |
| Titles and other words associated with a name | মুফতী |
| Dates associated with a name | ১৩১৪-১৩৯৬ হিজরী |
| General subdivision | জীবনী |
| Personal name | Shofi, Muhammad |
| Titles and other words associated with a name | Mufti |
| Dates associated with a name | 1314-1396 Hijri |
| General subdivision | Biography |
| 700 ## - ADDED ENTRY--PERSONAL NAME | |
| Personal name | হাওলাদার, মোহাম্মদ ছবিরুল ইসলাম, সুপারভাইজার । |
| 942 ## - ADDED ENTRY ELEMENTS (KOHA) | |
| Source of classification or shelving scheme | Dewey Decimal Classification |
| Koha item type | Theses |
| Lost status | Source of classification or shelving scheme | Damaged status | Not for loan | Collection code | Permanent Location | Current Location | Shelving location | Date acquired | Source of acquisition | Cost, normal purchase price | Total Checkouts | Full call number | Date last seen | Copy number | Koha item type |
|---|---|---|---|---|---|---|---|---|---|---|---|---|---|---|---|
| Dewey Decimal Classification | Not For Loan | Theses | Central Library, University of Rajshahi | Central Library, University of Rajshahi | Documentation Section | 27/10/2013 | Controller of Examination Office, University of Rajshahi, Rajshahi. | 0.00 | BTHE 297.61092 BAM 2012 | 07/07/2014 | C-1 | Theses |